El hijo del guardabosque
Zapisane w:
| 1. autor: | |
|---|---|
| Format: | Książka |
| Język: | hiszpański |
| Wydane: |
Santiago
Editorial Nascimento
1969
|
| Wydanie: | 2a. ed |
| Hasła przedmiotowe: | |
| Etykiety: |
Dodaj etykietę
Nie ma etykietki, Dołącz pierwszą etykiete!
|
MARC
| LEADER | 00000cam a2200000 a 4500 | ||
|---|---|---|---|
| 001 | UCE3088 | ||
| 003 | CL-VaPUC | ||
| 008 | 140814e19690000cl |||||||||||||||||spa|d | ||
| 082 | 0 | 4 | |a Ch861 |b VAL |2 21 |
| 100 | 0 | |a Valle, Juvencio |e author |9 360235 | |
| 245 | 1 | 3 | |a El hijo del guardabosque |
| 250 | |a 2a. ed | ||
| 300 | |a 163 p | ||
| 942 | |c BK | ||
| 945 | |d 20140814 14:58:00 |a arojas | ||
| 260 | |a Santiago |b Editorial Nascimento |c 1969 | ||
| 650 | 0 | |a Poesías chilenas |9 265280 | |
| 650 | 0 | |a Literatura chilena |9 308278 | |
| 583 | |a last modification |c 20140814 14:58:00 |k Rodrigo Vera | ||
| 999 | |c 356537 |d 356535 | ||
| 952 | |0 0 |1 0 |3 erb |4 0 |6 CH_861_000000000000000_VAL_1969 |7 0 |8 A |9 463984 |a BIBEDU |b BIBEDU |c ES_NOD |i 5006996 |o Ch861 VAL 1969 |p 5006996 |r 2023-08-09 |w 2019-11-23 |y BK |z Catalogado en:20140814 |k LIT | ||